[Event "OPEN AUBAGNE CEA 25-26"]
[Site "10 AV Joseph Fallen 13400 AUBAGNE"]
[Date "2026.01.10"]
[Round "5.1"]
[Board "1"]
[White "Madi, Walid"]
[Black "Vrillet, Loan"]
[Result "1/2-1/2"]
[WhiteElo "1940"]
[BlackElo "1780"]
[WhiteFideId "-1"]
[BlackFideId "-1"]
[PlyCount "62"]
[GameId "2264874642669688"]
[EventDate "2025.??.??"]
[WhiteTeam "Cercle d'Echecs Aubagnais"]
[BlackTeam "Cercle d'Echecs Aubagnais"]

{[%evp 0,62,38,25,70,56,57,37,38,31,77,51,30,21,27,8,16,11,30,13,17,25,27,33,25,44,30,-8,29,39,37,38,55,27,14,18,110,44,94,126,87,78,69,69,72,32,23,-18,-7,13,31,3,73,60,42,53,40,32,30,-33,-2,-83,-17,-27,-10]} 1. e4 c6 2. Nf3 d5 3. Nc3 dxe4 4. Nxe4 Bg4 5. Qe2 e6 6. c3 Nd7 7. d4 Ngf6 8. Ng3 Be7 9. h3 Bxf3 10. Qxf3 Qc7 11. Bd3 O-O 12. O-O c5 13. Re1 Bd6 14. Ne4 cxd4 15. cxd4 Be7 16. Bg5 Qb6 17. Rad1 Qd8 18. b3 Re8 19. Nxf6+ Bxf6 20. Bxf6 Nxf6 21. Qxb7 Qa5 22. Qf3 Qxa2 23. h4 Qa5 24. Re5 Qc7 25. h5 Rad8 26. h6 Rxd4 27. Rg5 Qf4 28. Rxg7+ Kf8 29. Rg3 Red8 30. Qe2 e5 31. Rf3 Qg5 1/2-1/2

[Event "OPEN AUBAGNE CEA 25-26"]
[Site "10 AV Joseph Fallen 13400 AUBAGNE"]
[Date "2026.01.10"]
[Round "5.3"]
[Board "3"]
[White "Battaglia, Gerard"]
[Black "Maffone, Jean-Charles"]
[Result "0-1"]
[WhiteElo "1735"]
[BlackElo "1755"]
[WhiteFideId "-1"]
[BlackFideId "-1"]
[PlyCount "132"]
[GameId "2264882987861358"]
[EventDate "2025.??.??"]
[WhiteTeam "Echiquier Marseillais 1872"]
[BlackTeam "Cercle d'Echecs Aubagnais"]

{[%evp 0,75,25,25,35,14,44,61,43,51,48,33,54,26,25,-13,-5,0,-11,-65,1,-8,-27,-10,51,-5,6,-14,-14,-17,-20,-20,-12,-22,-27,-20,10,10,38,-7,-30,-25,-25,-31,-31,-35,0,-31,-31,-39,42,62,116,73,76,63,67,59,62,52,62,85,91,48,31,-42,-40,-63,-68,-77,-59,-204,-219,-194,-204,-222,-203,-199]} 1. d4 d5 2. Bf4 c5 3. e3 Nc6 4. Nf3 cxd4 5. exd4 Bf5 6. c3 e6 7. Nbd2 Bd6 8. Bxd6 Qxd6 9. b4 Bg4 10. Qa4 Bxf3 11. Nxf3 f6 12. b5 Nce7 13. b6+ Kf7 14. bxa7 Nc6 15. Bd3 Rxa7 16. Qc2 Nge7 17. O-O Ng6 18. g3 Rc8 19. Rfe1 Nb4 20. Bxg6+ hxg6 21. Qd2 Nc6 22. a4 Na5 23. Qc2 Nc4 24. Nh4 f5 25. Nf3 Qe7 26. Qc1 Ra6 27. Ng5+ Ke8 28. Ra2 Kd7 29. h4 Re8 30. Rae2 Qa3 31. Qc2 Rb6 32. Qa2 Qxc3 33. a5 Qxa5 34. Qxa5 Nxa5 35. Nh3 Nc6 36. Rd2 Rb4 37. Red1 Ra8 38. Nf4 Raa4 39. Ne2 Ra3 40. Kg2 Rab3 41. Nf4 Rb1 42. Rxb1 Rxb1 43. Nxg6 Rb4 44. Ne5+ Nxe5 45. dxe5 b5 46. Rc2 d4 47. Kf1 d3 48. Ra2 Rb1+ 49. Kg2 Kc6 50. Rd2 Rb3 51. f4 Kd5 52. Kf3 Kd4 53. h5 Rb1 54. Kf2 b4 55. g4 fxg4 56. f5 exf5 57. e6 Ra1 58. Rd1 Ra7 59. Kg3 Re7 60. Kf4 Rxe6 61. Kxf5 Rf6+ 62. Kg5 g3 63. Kg4 Ke3 64. Kxg3 Ke2 65. Rb1 Rb6 66. Kg2 d2 0-1

[Event "OPEN AUBAGNE CEA 25-26"]
[Site "10 AV Joseph Fallen 13400 AUBAGNE"]
[Date "2026.01.10"]
[Round "5.4"]
[Board "4"]
[White "Maggio, Lucas"]
[Black "Deregnaucourt, Yves"]
[Result "1-0"]
[WhiteElo "1855"]
[BlackElo "1682"]
[WhiteFideId "-1"]
[BlackFideId "-1"]
[PlyCount "41"]
[GameId "2264892107230402"]
[EventDate "2025.??.??"]
[WhiteTeam "Cercle d'Echecs Aubagnais"]
[BlackTeam "Cercle d'Echecs Aubagnais"]

{[%evp 0,41,34,11,16,5,17,25,23,14,65,50,56,47,47,43,42,42,50,-19,-44,-76,-84,-72,1,-3,88,101,131,178,138,62,191,184,186,156,289,259,660,720,2679,29976,29997,29998]} 1. e4 e5 2. Nf3 Nc6 3. Bb5 Bc5 4. O-O Nd4 5. Nxd4 Bxd4 6. c3 Bb6 7. d4 c6 8. Bc4 d6 9. f4 Nf6 10. fxe5 dxe5 11. Kh1 Qd6 12. Bg5 Bg4 13. Bxf7+ Kxf7 14. Qxg4 exd4 15. cxd4 Qxd4 16. Bxf6 gxf6 17. Nc3 h5 18. Qf5 Rae8 19. Rad1 Qe5 20. Rd7+ Kg8 21. Qg6+ 1-0

[Event "OPEN AUBAGNE CEA 25-26"]
[Site "10 AV Joseph Fallen 13400 AUBAGNE"]
[Date "2026.01.10"]
[Round "5.7"]
[Board "7"]
[White "Gamblin, Vincent"]
[Black "Roger, Patrick"]
[Result "1/2-1/2"]
[WhiteElo "1632"]
[BlackElo "1725"]
[WhiteFideId "-1"]
[BlackFideId "-1"]
[PlyCount "136"]
[GameId "2265251863553304"]
[EventDate "2025.??.??"]
[WhiteTeam "L'Echiquier du Roy René"]
[BlackTeam "Echiquier Marseillais 1872"]

{[%evp 0,48,30,17,51,43,40,38,65,42,32,6,-2,0,0,0,0,-30,-13,-14,9,-37,-59,-71,73,62,55,33,0,-7,-44,-48,-22,-12,-12,-49,-85,-94,-69,-60,-80,-86,-107,-154,-152,-169,-172,-228,-154,-162,-162]} 1. e4 e6 2. d4 d5 3. Nc3 Nf6 4. e5 Nfd7 5. f4 c5 6. Nf3 Nc6 7. Be3 Qb6 8. Rb1 cxd4 9. Nxd4 Bc5 10. Nce2 O-O 11. c3 Ne7 12. b4 Bxd4 13. Bxd4 Qc7 14. h4 f6 15. exf6 Nxf6 16. Be5 Qd8 17. Nd4 Ng6 18. Bd3 Nxe5 19. fxe5 Ne4 20. Bxe4 dxe4 21. Qg4 Qd5 22. Rb2 Qxe5 23. Re2 Rf4 24. Qg5 Qxg5 25. hxg5 Bd7 26. g3 Rg4 27. Reh2 Rxg5 28. Rxh7 Kf7 29. Rf1+ Kg6 30. Rh4 e5 31. Ne2 Bg4 32. c4 Rd8 33. Nc3 Rd4 34. Nd5 Rd1+ 35. Kf2 Rxf1+ 36. Kxf1 Bf3 37. Kf2 Kf7 38. Rh8 Rf5 39. Ne3 Rf6 40. Nd5 Ra6 41. Nc3 Ra3 42. Nd5 Rxa2+ 43. Ke1 Re2+ 44. Kf1 e3 45. Rb8 Rf2+ 46. Ke1 Re2+ 47. Kf1 Ke6 48. Re8+ Kd6 49. Rd8+ Kc6 50. Re8 e4 51. Re6+ Kd7 52. Re7+ Kd6 53. Rxb7 Bg4 54. Rxa7 Rf2+ 55. Ke1 Rf3 56. Ra3 Rxg3 57. Rxe3 Bf3 58. Kf2 Rg2+ 59. Kf1 Rc2 60. Rc3 Be2+ 61. Ke1 Rxc3 62. Nxc3 Bxc4 63. Nxe4+ Kc6 64. Kd2 Bd5 65. Nc3 Bh1 66. Ke3 g6 67. Kf4 Kd6 68. Kg5 Ke5 1/2-1/2

[Event "OPEN AUBAGNE CEA 25-26"]
[Site "10 AV Joseph Fallen 13400 AUBAGNE"]
[Date "2026.01.10"]
[Round "5.9"]
[Board "9"]
[White "Engles, Baptiste"]
[Black "Engles, Pierre"]
[Result "0-1"]
[WhiteElo "1635"]
[BlackElo "1609"]
[WhiteFideId "-1"]
[BlackFideId "-1"]
[PlyCount "52"]
[GameId "2264900148511083"]
[EventDate "2025.??.??"]
[WhiteTeam "Hay Chess"]
[BlackTeam "Hay Chess"]

{[%evp 0,40,29,25,44,33,17,13,17,8,17,-7,-10,-2,-19,-37,-17,-43,-14,-6,-20,-25,-43,-43,-43,-35,-39,-32,-32,-40,-41,-29,-34,-13,-45,-119,-125,-275,-82,-285,-278,-287,-288]} 1. e4 c5 2. d4 cxd4 3. c3 Nf6 4. e5 Nd5 5. Qxd4 e6 6. Nf3 Nc6 7. Qd1 Qc7 8. Qe2 b5 9. g3 a5 10. Bg2 Ba6 11. O-O Be7 12. Re1 O-O 13. Nbd2 a4 14. Qe4 f5 15. exf6 Nxf6 16. Qc2 Nb4 17. Qd1 Nd3 18. Re3 b4 19. c4 Nxf2 20. Kxf2 Ng4+ 21. Ke2 Nxe3 22. Kxe3 d5 23. Ke2 dxc4 24. Ke1 c3 25. Nf1 Rad8 26. Qxa4 Qc4 0-1

[Event "OPEN AUBAGNE CEA 25-26"]
[Site "10 AV Joseph Fallen 13400 AUBAGNE"]
[Date "2026.01.10"]
[Round "5.10"]
[Board "10"]
[White "Rocchia, Alex"]
[Black "Le Mauff, Marc"]
[Result "1-0"]
[WhiteElo "1480"]
[BlackElo "1611"]
[WhiteFideId "-1"]
[BlackFideId "-1"]
[PlyCount "64"]
[GameId "2265189627057784"]
[EventDate "2025.??.??"]
[WhiteTeam "Cercle d'Echecs Aubagnais"]
[BlackTeam "Cassis Echecs"]

{[%evp 0,40,29,28,52,32,79,53,48,40,22,17,55,26,60,24,55,12,13,20,30,24,17,20,96,101,252,238,225,223,251,224,232,236,294,239,244,198,214,208,291,311,307]} 1. e4 c5 2. Nc3 d6 3. f4 Nc6 4. Bb5 e6 5. Nf3 Qc7 6. d3 Nf6 7. O-O Be7 8. Qe1 O-O 9. Bxc6 bxc6 10. Qg3 Rb8 11. e5 dxe5 12. fxe5 Nd7 13. Bh6 g6 14. Bxf8 Bxf8 15. b3 Bg7 16. Rae1 a5 17. Qg5 Ba6 18. Nd1 Qd8 19. Qf4 Qf8 20. Ng5 Bh6 21. Qxf7+ Qxf7 22. Nxf7 Bd2 23. Re2 Bb4 24. Ref2 Kg7 25. Ne3 Bc3 26. Rf3 Nxe5 27. Nxe5 Bxe5 28. Rf7+ Kg8 29. Ng4 Bg7 30. Re7 e5 31. Rff7 Bf8 32. Nf6+ Kh8 1-0

[Event "OPEN AUBAGNE CEA 25-26"]
[Site "10 AV Joseph Fallen 13400 AUBAGNE"]
[Date "2026.01.10"]
[Round "5.11"]
[Board "11"]
[White "Giraudoux Lognos, Lina"]
[Black "Cotton, Paul"]
[Result "0-1"]
[WhiteElo "1399"]
[BlackElo "1565"]
[WhiteFideId "-1"]
[BlackFideId "-1"]
[PlyCount "82"]
[GameId "2265179332309348"]
[EventDate "2025.??.??"]
[WhiteTeam "Cercle d'Echecs Aubagnais"]
[BlackTeam "Cercle d'Echecs Aubagnais"]

{[%evp 0,37,29,29,26,21,47,39,39,42,46,20,28,1,-10,-3,12,10,9,11,32,19,47,38,43,40,65,46,43,26,26,34,33,28,23,15,11,11,7,5]} 1. d4 Nf6 2. Nf3 g6 3. Bf4 Bg7 4. e3 d6 5. Be2 O-O 6. c3 h6 7. h3 Nbd7 8. Nbd2 c5 9. O-O cxd4 10. exd4 Kh7 11. Qc2 Nd5 12. Bh2 a6 13. a4 b6 14. Rab1 Bb7 15. Rfe1 Rc8 16. Bc4 N7f6 17. Qd3 a5 18. Ba6 Bxa6 19. Qxa6 Nh5 20. Nc4 Ra8 21. Qb5 Nhf6 22. Ne3 Nxe3 23. Rxe3 Rc8 24. Rbe1 Re8 25. Qe2 Nd5 26. Re4 Rc7 27. Qb5 Nf6 28. R4e3 Qb8 29. Nd2 Qb7 30. Ne4 Rcc8 31. Nxf6+ Bxf6 32. Qe2 Qd7 33. Qb5 Qxb5 34. axb5 Rcd8 35. f3 Rd7 36. Kf1 Rc8 37. g4 a4 38. Ra1 Rc4 39. Re4 d5 40. Bg1 dxe4 41. b3 axb3 0-1

[Event "OPEN AUBAGNE CEA 25-26"]
[Site "10 AV Joseph Fallen 13400 AUBAGNE"]
[Date "2026.01.10"]
[Round "5.13"]
[Board "13"]
[White "Camus, Evan"]
[Black "Pouliquen, Gilbert"]
[Result "1-0"]
[WhiteElo "1555"]
[BlackElo "1399"]
[WhiteFideId "-1"]
[BlackFideId "-1"]
[PlyCount "87"]
[GameId "2265177147457621"]
[EventDate "2025.??.??"]
[WhiteTeam "Hay Chess"]
[BlackTeam "Echiquier Marseillais 1872"]

{[%evp 0,42,29,26,21,-4,26,27,71,72,55,59,74,55,71,79,76,68,107,108,105,63,69,69,100,77,98,101,130,112,88,101,127,99,174,192,394,398,394,386,380,383,378,365,616]} 1. Nf3 d5 2. c4 Nf6 3. cxd5 Nxd5 4. e4 Nb6 5. d4 e6 6. Be2 Bb4+ 7. Nc3 O-O 8. O-O N8d7 9. a3 Be7 10. b4 a5 11. b5 Nb8 12. a4 c6 13. Qb3 Bd7 14. Ba3 Bxa3 15. Qxa3 Re8 16. Rab1 Qc7 17. Qc5 Rd8 18. bxc6 Bxc6 19. Qxb6 Qxb6 20. Rxb6 Nd7 21. Rbb1 Rdb8 22. Bb5 Nf6 23. Bxc6 bxc6 24. Rxb8+ Rxb8 25. e5 Nd5 26. Nxd5 cxd5 27. Rc1 g6 28. Kf1 Rb4 29. Ra1 Kg7 30. Ke2 f6 31. Ke3 Rb3+ 32. Ke2 g5 33. Nd2 Rb4 34. exf6+ Kxf6 35. Kd3 h5 36. Nf3 Kf5 37. h3 Rb3+ 38. Kc2 Rb4 39. Kc3 Kf4 40. Ne5 Ke4 41. Re1+ Kf5 42. g4+ hxg4 43. hxg4+ Kf4 44. Nd3+ 1-0

[Event "OPEN AUBAGNE CEA 25-26"]
[Site "10 AV Joseph Fallen 13400 AUBAGNE"]
[Date "2026.01.10"]
[Round "5.14"]
[Board "14"]
[White "Khojasteh, Armand"]
[Black "Exposito-Borg, Sacha"]
[Result "1-0"]
[WhiteElo "1504"]
[BlackElo "1299"]
[WhiteFideId "-1"]
[BlackFideId "-1"]
[PlyCount "73"]
[GameId "2265182564680503"]
[EventDate "2025.??.??"]
[WhiteTeam "Club Provence Echecs"]
[BlackTeam "Cercle d'Echecs Aubagnais"]

{[%evp 0,33,26,-18,-19,-51,-34,-24,-25,-4,-22,-1,-15,-30,-23,-222,-27,-82,-43,-101,-80,-86,-37,-46,83,78,86,90,95,-40,64,73,76,15,8,15]} 1. c4 e5 2. g3 Nf6 3. Bg2 d5 4. cxd5 Nxd5 5. Nc3 Be6 6. Qa4+ c6 7. e4 Nb6 8. Qd1 Bc5 9. Nge2 O-O 10. O-O N8d7 11. d4 Be7 12. d5 cxd5 13. exd5 Bf5 14. Nb5 e4 15. d6 Bf6 16. a4 Nc5 17. Nec3 Qd7 18. Qh5 Rac8 19. Bg5 Bxg5 20. Qxg5 h6 21. Qe7 Qxe7 22. dxe7 Rfe8 23. Nd6 Rxe7 24. Nxf5 Re5 25. Nd6 Rd8 26. Ndxe4 Rd4 27. Nxc5 Rxc5 28. Bxb7 Rb4 29. Rab1 Nxa4 30. Nxa4 Rxa4 31. Rfc1 Re5 32. f3 Re2 33. Rc8+ Kh7 34. Rc7 f6 35. Be4+ Kg8 36. Bg6 Kf8 37. Rd1 1-0

[Event "OPEN AUBAGNE CEA 25-26"]
[Site "10 AV Joseph Fallen 13400 AUBAGNE"]
[Date "2026.01.10"]
[Round "5.15"]
[Board "15"]
[White "Graillon, Baptiste"]
[Black "Benezra, Silke"]
[Result "1/2-1/2"]
[WhiteElo "1466"]
[BlackElo "1591"]
[WhiteFideId "-1"]
[BlackFideId "-1"]
[PlyCount "58"]
[GameId "2265186274182554"]
[EventDate "2025.??.??"]
[WhiteTeam "Marseille-Echecs"]
[BlackTeam "L'Echiquier du Roy René"]

{[%evp 0,12,19,14,28,-11,42,47,59,67,80,54,53,50,28]} 1. d4 Nf6 2. c4 c5 3. d5 e6 4. Nc3 exd5 5. Nxd5 Nxd5 6. cxd5 d6 7. e4 a6 8. Bd3 b5 9. b3 Nd7 10. Nf3 g6 11. Bb2 Nf6 12. O-O Bg7 13. Re1 O-O 14. h3 Re8 15. Qc2 Bb7 16. Re2 Rc8 17. Rc1 Rc7 18. Re3 Bh6 19. Qc3 Bxe3 20. fxe3 b4 21. Qxf6 Qxf6 22. Bxf6 h6 23. Nh4 Kh7 24. Kf2 Bc8 25. Nf3 Bb7 26. Nh4 Bc8 27. Nf3 Bb7 28. Nh4 Bc8 29. Nf3 Bb7 1/2-1/2

[Event "OPEN AUBAGNE CEA 25-26"]
[Site "10 AV Joseph Fallen 13400 AUBAGNE"]
[Date "2026.01.10"]
[Round "5.16"]
[Board "16"]
[White "Autouard, Jean-Luc"]
[Black "Engles, Simeon"]
[Result "0-1"]
[WhiteElo "1538"]
[BlackElo "1451"]
[WhiteFideId "-1"]
[BlackFideId "-1"]
[PlyCount "80"]
[GameId "2265188054361587"]
[EventDate "2025.??.??"]
[WhiteTeam "Cercle d'Echecs Aubagnais"]
[BlackTeam "Hay Chess"]

{[%evp 0,33,26,18,44,30,22,17,9,8,11,-6,57,53,47,54,25,39,27,39,21,26,26,1,22,-286,-299,-330,-337,-331,-320,-332,-344,-367,-369,-370]} 1. e4 c5 2. f4 Nc6 3. Nf3 e6 4. Bb5 d5 5. exd5 Qxd5 6. O-O Nf6 7. Nc3 Qd6 8. d3 Be7 9. Bxc6+ Qxc6 10. Ne5 Qb6 11. Na4 Qd8 12. Qe1 Qd4+ 13. Kh1 Qxa4 14. b3 Qb4 15. c3 Qa5 16. Nc4 Qd8 17. Qg3 O-O 18. Ne5 Nd5 19. c4 Nb6 20. Bb2 f6 21. Ng4 Bd7 22. Rae1 Qc7 23. d4 cxd4 24. Bxd4 Rf7 25. Nh6+ Kf8 26. Nxf7 Kxf7 27. Qh4 h6 28. Qh5+ Kg8 29. a4 Bc5 30. Bc3 a5 31. Qg6 Qd8 32. Rd1 Qe7 33. Rfe1 Bb4 34. Bxb4 Qxb4 35. f5 exf5 36. Qg3 Re8 37. Rxe8+ Bxe8 38. Rd8 Qe7 39. Rd6 f4 40. Qf2 Qxd6 0-1

[Event "OPEN AUBAGNE CEA 25-26"]
[Site "10 AV Joseph Fallen 13400 AUBAGNE"]
[Date "2026.01.10"]
[Round "5.17"]
[Board "17"]
[White "Coetto Dini, Joao"]
[Black "Connan, Pascal"]
[Result "0-1"]
[WhiteElo "1299"]
[BlackElo "1517"]
[WhiteFideId "-1"]
[BlackFideId "-1"]
[PlyCount "78"]
[GameId "2265191590737584"]
[EventDate "2025.??.??"]
[WhiteTeam "Cercle d'Echecs Aubagnais"]
[BlackTeam "Cercle d'Echecs Aubagnais"]

{[%evp 0,43,26,17,57,73,61,18,62,61,99,17,94,104,229,112,287,149,167,146,165,84,253,72,64,16,68,-195,-192,-219,-56,-308,-213,-323,-323,-347,-322,-348,-327,-385,-328,-576,-394,-639,-390,-477]} 1. e4 c6 2. d4 d5 3. Bd3 e6 4. Nf3 c5 5. c3 b6 6. O-O Qd7 7. Na3 Ba6 8. Re1 Bxd3 9. Qxd3 c4 10. Qc2 Ne7 11. Bf4 Ng6 12. Bg3 Be7 13. b3 Bxa3 14. Rad1 Bd6 15. e5 Be7 16. h3 b5 17. Qb2 a5 18. Rc1 O-O 19. Nd2 Nh4 20. b4 Nf5 21. Bh2 Qd8 22. Nf3 Nh4 23. Re3 Bg5 24. Ree1 Nxf3+ 25. gxf3 Bxc1 26. Qxc1 axb4 27. Qb2 b3 28. Qa1 Qh4 29. Qc1 Rxa2 30. Bg3 Qxh3 31. Qe3 Nc6 32. Bh2 Ne7 33. Rd1 Rfa8 34. Qg5 Nf5 35. Qg2 Qh6 36. Rf1 Ra1 37. Bg3 R8a2 38. Qh1 Rxf1+ 39. Kxf1 Qxh1# 0-1

[Event "OPEN AUBAGNE CEA 25-26"]
[Site "10 AV Joseph Fallen 13400 AUBAGNE"]
[Date "2026.01.10"]
[Round "5.18"]
[Board "18"]
[White "Hassaine, Rachid"]
[Black "Pala, Gerard"]
[Result "1-0"]
[WhiteElo "1559"]
[BlackElo "1414"]
[WhiteFideId "-1"]
[BlackFideId "-1"]
[PlyCount "116"]
[GameId "2265194108958399"]
[EventDate "2025.??.??"]
[WhiteTeam "Cercle d'Echecs Aubagnais"]
[BlackTeam "Cercle d'Echecs Aubagnais"]

{[%evp 0,36,20,17,70,56,44,52,47,52,43,24,25,23,31,20,74,64,59,58,115,123,151,84,81,54,575,84,44,-49,0,-93,-84,-205,102,109,116,106,141]} 1. e4 c6 2. Nf3 d5 3. exd5 cxd5 4. d4 Nf6 5. Bb5+ Nc6 6. O-O Bg4 7. h3 Bh5 8. g4 Bg6 9. Ne5 Qc7 10. Bf4 Qb6 11. Nc3 e6 12. a4 Rc8 13. Re1 Bb4 14. Bd2 O-O 15. g5 Nxe5 16. gxf6 Nc4 17. Nxd5 exd5 18. Bxb4 Nd6 19. Bc5 Rxc5 20. dxc5 Qxc5 21. fxg7 Rc8 22. Bd3 Rd8 23. Bxg6 fxg6 24. Qf3 Nf5 25. c3 Kxg7 26. Qf4 Rf8 27. Re2 Nd6 28. Qd4+ Qxd4 29. cxd4 Nf5 30. Rc1 Nxd4 31. Re7+ Kh6 32. Rcc7 Rh8 33. Kg2 Nf5 34. Red7 d4 35. Rxb7 a5 36. Ra7 Kg5 37. Rxa5 h5 38. Rxd4 Rc8 39. h4+ Kh6 40. Rf4 Rc2 41. Ra6 Ne3+ 42. Kh3 Ng4 43. Rf8 Nxf2+ 44. Kg3 Ne4+ 45. Kh3 Nf2+ 46. Kg2 Ng4+ 47. Kf1 Rc1+ 48. Ke2 Rc2+ 49. Kd3 Rc7 50. Raa8 Rd7+ 51. Kc3 Rc7+ 52. Kb3 Rb7+ 53. Ka3 Kg7 54. Rg8+ Kf7 55. Raf8+ Ke6 56. Rxg6+ Ke5 57. Rg5+ Ke4 58. Rxh5 Ne5 1-0

[Event "OPEN AUBAGNE CEA 25-26"]
[Site "10 AV Joseph Fallen 13400 AUBAGNE"]
[Date "2026.01.10"]
[Round "5.20"]
[Board "20"]
[White "Belaid, Myriam"]
[Black "Turpin, Isabelle"]
[Result "1-0"]
[WhiteElo "1399"]
[BlackElo "1424"]
[WhiteFideId "-1"]
[BlackFideId "-1"]
[PlyCount "65"]
[GameId "2265242216935487"]
[EventDate "2025.??.??"]
[WhiteTeam "Cercle d'Echecs Aubagnais"]
[BlackTeam "Cercle d'Echecs Aubagnais"]

{[%evp 0,34,20,-27,18,18,12,7,14,-28,-8,-41,0,3,7,0,128,108,307,309,448,186,251,250,1243,676,1221,1250,1441,1481,1475,1505,1649,1437,1442,1406,1502]} 1. c4 c5 2. Nc3 Nf6 3. d3 Nc6 4. Be3 e5 5. Nf3 Be7 6. g3 a6 7. Bg2 b5 8. cxb5 Nb4 9. Nxe5 Rb8 10. a4 Bd6 11. Nc4 Bb7 12. Bxb7 Rxb7 13. Nxd6+ Ke7 14. Nxb7 Qa8 15. Bxc5+ Ke6 16. Bxb4 Qxb7 17. O-O h5 18. Qb3+ Kf5 19. e4+ Kg6 20. f4 h4 21. f5+ Kg5 22. gxh4+ Rxh4 23. Qxf7 Qb6+ 24. Rf2 Rg4+ 25. Kf1 Kh4 26. Nd5 Qd4 27. Nxf6 Qxd3+ 28. Re2 Rf4+ 29. Ke1 gxf6 30. Qh7+ Kg4 31. h3+ Kg5 32. Rg2+ Rg4 33. Rxg4# 1-0

[Event "OPEN AUBAGNE CEA 25-26"]
[Site "10 AV Joseph Fallen 13400 AUBAGNE"]
[Date "2026.01.10"]
[Round "5.21"]
[Board "21"]
[White "Hospital, Mathieu"]
[Black "Copetti, Christian"]
[Result "0-1"]
[WhiteElo "1399"]
[BlackElo "1499"]
[WhiteFideId "-1"]
[BlackFideId "-1"]
[PlyCount "106"]
[GameId "2265244253106530"]
[EventDate "2025.??.??"]
[WhiteTeam "Cercle d'Echecs Aubagnais"]
[BlackTeam "Hay Chess"]

{[%evp 0,42,20,-20,-11,3,5,-19,-1,-2,-14,-7,-7,-137,-116,-162,-179,-191,-126,-29999,-180,-180,-166,-531,-174,-196,169,177,264,130,155,-214,239,225,279,294,315,144,329,326,400,346,713,485,493]} 1. c4 e6 2. Nc3 Nf6 3. g3 Nc6 4. Bg2 d5 5. cxd5 exd5 6. e4 Nb4 7. Nge2 Nd3+ 8. Kf1 Ng4 9. Rg1 Ngxf2 10. Qa4+ Bd7 11. Qb3 Bd6 12. Nxd5 Nh3 13. Qxd3 O-O 14. b3 c6 15. Ne3 Bc5 16. Qc3 Qe7 17. Bb2 f6 18. Ke1 Ng5 19. h4 Ne6 20. Bh3 Bd4 21. Nxd4 Nxd4 22. Bxd7 Qxd7 23. Qxd4 Rad8 24. Nf5 Qe8 25. Qxa7 Qxe4+ 26. Kd1 Qf3+ 27. Ke1 Qxf5 28. Qf2 Rfe8+ 29. Kf1 Qd3+ 30. Kg2 Re2 31. Raf1 Rxf2+ 32. Rxf2 Qd5+ 33. Kf1 Qf7 34. g4 Qg6 35. h5 Qb1+ 36. Kg2 Qxb2 37. h6 g6 38. d4 Qxd4 39. g5 f5 40. a4 Re8 41. a5 Qg4+ 42. Kf1 Re1+ 43. Kxe1 Qxg1+ 44. Ke2 Qxg5 45. b4 Qe7+ 46. Kf3 Qxb4 47. Re2 Kf7 48. Re5 c5 49. Rd5 Ke7 50. Re5+ Kf6 51. Re8 Kg5 52. Rb8 Qf4+ 53. Ke2 Qxb8 0-1

[Event "OPEN AUBAGNE CEA 25-26"]
[Site "10 AV Joseph Fallen 13400 AUBAGNE"]
[Date "2026.01.10"]
[Round "5.22"]
[Board "22"]
[White "Peucelle, Richard"]
[Black "Lecompte, John"]
[Result "0-1"]
[WhiteElo "1399"]
[BlackElo "1399"]
[WhiteFideId "-1"]
[BlackFideId "-1"]
[PlyCount "110"]
[GameId "2265248788935610"]
[EventDate "2025.??.??"]
[WhiteTeam "Cercle d'Echecs Aubagnais"]
[BlackTeam "Cercle d'Echecs Aubagnais"]

{[%evp 0,33,20,25,68,53,70,43,75,24,76,-29,22,-17,22,-12,70,19,112,87,202,209,230,-1,2,2,6,-26,-27,-105,-93,-117,4,62,46,29]} 1. e4 c6 2. d4 d5 3. Nc3 Nf6 4. Bd3 e6 5. f3 Bb4 6. Bd2 O-O 7. Nge2 Nbd7 8. O-O Nh5 9. Qe1 Bd6 10. e5 Be7 11. Nf4 Nxf4 12. Bxf4 Qb6 13. Qf2 c5 14. Na4 Qb4 15. b3 cxd4 16. Bd2 Qa3 17. Qxd4 Nc5 18. Bxh7+ Kh8 19. Bd3 Nxa4 20. Bc1 Bc5 21. Bxa3 Bxd4+ 22. Kh1 Rd8 23. bxa4 Bxa1 24. Rxa1 Bd7 25. a5 a6 26. Rb1 Bb5 27. Be7 Rdc8 28. a4 Bxd3 29. cxd3 Rc2 30. h3 Ra2 31. Rxb7 Rxa4 32. g4 Rc8 33. Kg2 Rxa5 34. Bb4 Rb5 35. Rxf7 Rxb4 36. Kg3 d4 37. Kh4 a5 38. Kh5 Rb3 39. Kg6 Rg8 40. f4 Rxd3 41. f5 exf5 42. gxf5 Rg3+ 43. Kh5 Rxh3+ 44. Kg6 Rh6+ 45. Kg5 d3 46. Rd7 Rh3 47. Rd5 a4 48. Rd4 Rg3+ 49. Kh4 Rg1 50. Rxd3 g6 51. f6 g5+ 52. Kh3 Kh7 53. Kh2 Rg4 54. Rd7+ Kg6 55. f7 Rh8# 0-1